Obchodní korespondence v angličtině

Guardado en:
Detalles Bibliográficos
Autor principal: Koktavá, Petra
Otros Autores: Matušů, Petra
Formato: Libro
Lenguaje:checo
inglés
Publicado: Praha Computer Press 2002
Colección:Praxe manažera
Business books
Materias:
Etiquetas: Agregar Etiqueta
Sin Etiquetas, Sea el primero en etiquetar este registro!

MARC

LEADER 00000nam$a2200000$$^4500
001 0019367
005 20240429123403.3
020 |a 80-7226-749-3 
041 0 |a cze 
041 0 |a eng 
044 |a CZ 
245 1 0 |a Obchodní korespondence v angličtině  |c Petra Koktavá, Petra Matušů 
264 1 |a Praha  |b Computer Press  |c 2002 
300 |a viii, 199 s.  |e 1 CD-ROM 
490 1 |a Praxe manažera 
830 0 |a Praxe manažera 
490 1 |a Business books 
830 0 |a Business books 
610 2 0 |a korešpondencia 
610 2 0 |a obchod 
610 2 0 |a vzory 
610 2 0 |a terminológia 
610 2 0 |a podnikanie 
610 2 0 |a jazyky cudzie 
100 1 |a Koktavá, Petra 
700 1 |a Matušů, Petra